2025 NFL Mock Draft - Statistics

General Stats
  • This quiz has been taken 387 times
  • The average score is 17 of 32
Answer Stats
Pick Team Position Answer College % Correct
#2 Cleveland Browns QB Shedeur Sanders Colorado
99%
#3 New York Giants CB/WR Travis Hunter Colorado
99%
#1 Tennessee Titans QB Cameron Ward Miami
98%
#6 Las Vegas Raiders RB Ashton Jeanty Boise State
90%
#8 Carolina Panthers EDGE Abdul Carter Penn State
80%
#4 New England Patriots OT Will Campbell LSU
76%
#11 San Francisco 49ers CB Will Johnson Michigan
71%
#7 New York Jets DT Mason Graham Michigan
68%
#14 Indianapolis Colts TE Tyler Warren Penn State
68%
#12 Dallas Cowboys WR Tetairoa McMillan Arizona
67%
#20 Denver Broncos TE Colston Loveland Michigan
60%
#13 Miami Dolphins S Malaki Starks Georgia
60%
#5 Jacksonville Jaguars OT Kelvin Banks Jr Texas
58%
#21 Pittsburgh Steelers WR Luther Burden Missouri
58%
#9 New Orlean Saints EDGE Mykel Williams Georgia
57%
#25 Houston Texans OT Cameron Williams Texas
56%
#29 Washington Redskins WR Emeka Egbuka Ohio State
56%
#18 Seattle Seahawks EDGE James Pearce Jr Tennessee
50%
#19 Tampa Bay Buccaneers LB Jalon Walker Georgia
48%
#23 Green Bay Packers EDGE Mike Green Marshall
44%
#28 Detroit Lions EDGE Shemar Stewart Texas A&M
41%
#10 Chicago Bears OG Tyler Booker Alabama
41%
#31 Kansas City Chiefs DT Walter Nolen Ole Miss
37%
#15 Atlanta Falcons CB Benjamin Morrison Notre Dame
35%
#26 Los Angeles Rams OT Josh Simmons Ohio State
35%
#27 Baltimore Ravens OT Armand Membou Missouri
34%
#17 Cincinnati Bengals CB Shavon Revel East Carolina
31%
#16 Arizona Cardinals EDGE Nic Scourton Jr Texas A&M
29%
#24 Minnesota Vikings S Nick Emmanwori South Carolina
28%
#22 Los Angeles Chargers DT Derrick Harmon Oregon
27%
#30 Buffalo Bills S Jahdae Barron Texas
27%
#32 Philadelphia Eagles OG Wyatt Milum West Virginia
18%
No matching quizzes found
Score Distribution
Percent of People with Each Score
Percentile by Number Answered
Your Score History
You have not taken this quiz